000 00355nam a2200145Ia 4500
008 200103s9999||||xx |||||||||||||| ||und||
020 _a978521432313
040 _aIMU-MPC
082 _aColumn-11
100 _aTrenberth, Kevin E.
245 0 _aClimate system modeling
260 _bCambridge University Press
_c1992
300 _axxix, 788
942 _cBK
999 _c4669
_d4669